LEADER 01125nam a2200265 4500 001 000000360408 003 CaOOAMICUS 005 20241021151753.0 008 241021s1992 mx 000 u spa r 020 $a84-375-0311-6 040 $aSeMil$bita 100 1 $aChabod, Federico,$d<1901-1960>.$0(OLS)http://semarc/name/2814 245 10$aCarlos 5. y su imperio /$cFederico Chabod. 264 1$aMexico [etc.] :$bFondo de cultura económica,$c1992. 300 $a644 p. ;$c24 cm 490 1 $aSección de obras de historia 600 04$aCarlo V : d'Asburgo .$0(OLS)http://semarc/subject/5535 830 0$aSección de obras de historia.$0(OLS)http://semarc/title/450917 850 $aSeMil 852 $aSeMil$W1$xVenegono$y1$m3U IV 394$j251816$B251430$CSeMilBibl$Z2$F251430 $81 961 $aBuzzi mons. Franco - Omaggio 996 $6020$a84-375-0311-6$9(OLS)http://semarc/number/301607 996 $6245$aCarlos 5. y su imperio$9(OLS)http://semarc/title/450916 996 $6264$aMexico [etc.] :$bFondo de cultura económica$9(OLS)http://semarc/publisher/62044 LEADER 01245nam a2200289 i 4500 001 000000126392 003 CaOOAMICUS 005 20060208000000.0 008 060208s2000 it u000 u ita u 013 $a99098 020 $a88-343-0562-0 040 $aSeMil$bita 245 12$aL'economia di comunione :$bverso un agire economico a misura di persona /$ca cura di Vito Moramarco e Luigino Bruni. 260 $aMilano :$bVita e Pensiero,$ccopyr. 2000. 300 $aX, 148 p. ;$c22 cm. 500 $aFondo Card. C.M. Martini. 650 4$aEconomia di Comunione.$0(OLS)http://semarc/subject/9991 650 4$aEconomia - Teorie.$0(OLS)http://semarc/subject/880 700 1 $aBruni, Luigino,$d<1966- >.$0(OLS)http://semarc/name/5214 700 1 $aMoramarco, Vito.$0(OLS)http://semarc/name/52521 850 $aSeMil 852 $aSeMil$W1$xVenegono$y1$m2E III 56$j80765$B80765$CSeMilBibl$Z2$F108823 $81 941 1 $a4 961 $aOmaggio: Martini Card. Carlo Maria 996 $6020$a88-343-0562-0$9(OLS)http://semarc/number/112543 996 $6245$aL'economia di comunione :$bverso un agire economico a misura di persona$9(OLS)http://semarc/title/186329 996 $6260$aMilano :$bVita e Pensiero$9(OLS)http://semarc/publisher/29642